Statistics for Countries Bordering Germany - 15 Seconds

Click here to take the quiz!

General Stats

  • This quiz has been taken 136 times
  • The average score is 6 of 9

Answer Stats

Country% Correct
France
86%
Belgium
76%
Austria
72%
Denmark
72%
Netherlands
72%
Poland
72%
Switzerland
63%
Czech Republic
53%
Luxembourg
49%

Score Distribution

Percentile by Number Answered

Percent of People with Each Score

Your Score History

You have not taken this quiz